banner

Cronobiología humana: (Registro nro. 1298)

000 -LEADER
fixed length control field 02572nam a22002777a 4500
003 - CONTROL NUMBER IDENTIFIER
control field AR-BaISA
005 - DATE AND TIME OF LATEST TRANSACTION
control field 20230412155843.0
007 - PHYSICAL DESCRIPTION FIXED FIELD--GENERAL INFORMATION
fixed length control field ta
008 - FIXED-LENGTH DATA ELEMENTS--GENERAL INFORMATION
fixed length control field 230412s2007 ag ad||| |||| 000 0 spa d
020 ## - INTERNATIONAL STANDARD BOOK NUMBER
International Standard Book Number 9789875581302
040 ## - CATALOGING SOURCE
Language of cataloging spa
Transcribing agency AR-BaISA
082 04 - DEWEY DECIMAL CLASSIFICATION NUMBER
Edition number 22
Classification number 612.022 G582
245 10 - TITLE STATEMENT
Title Cronobiología humana:
Remainder of title ritmos y relojes biológicos en la salud y en la enfermedad /
Statement of responsibility, etc. Diego A. Golombek (compilador)
250 ## - EDITION STATEMENT
Edition statement 2a. ed.
260 ## - PUBLICATION, DISTRIBUTION, ETC.
Place of publication, distribution, etc. Bernal:
Name of publisher, distributor, etc. Universidad Nacional de Quilmes,
Date of publication, distribution, etc. 2007
300 ## - PHYSICAL DESCRIPTION
Extent 422 p.:
Other physical details il., gráfs.
490 1# - SERIES STATEMENT
Serie Biomedicina
504 ## - BIBLIOGRAPHY, ETC. NOTE
Bibliography, etc. note Bibliografía al final de cada capítulo.
504 ## - BIBLIOGRAPHY, ETC. NOTE
Bibliography, etc. note Bibliografía p.: 412-422.
505 ## - FORMATTED CONTENTS NOTE
Title Alberto Díaz / Prólogo --
-- Daniel E. Gomez / Presentación de la segunda edición --
-- Antoni Díez Noguera / Métodos de análisis de los ritmos biológicos --
-- Mario E. Guido, Horacio O.de la Iglesia / Bases moleculares de la cronobiología --
-- Raúl Aguilar Roblero, Daniel Granados-Fuentes, Ivette Caldelas, Alberto Salazar-Juárez, Carolina Escobar / Bases neurales de la cronobiología humana: el sistema circadiano distribuido --
-- Mirian David Marques / Ritmos biológicos y ciclos ambientales: sincronización --
-- Luiz Menna-Barreto / Ontogénesis de la ritmicidad biológica humana --
-- Martín Cadeiras / Aspectos cronobiológicos de las enfermedades cardiovasculares --
-- Marcelo E. Katz, Luciano Marpegán, Tristán Bekinschtein / Ritmos diarios y circadianos en el sistema inmunológico --
-- Horacio O. de la Iglesia / Ritmos hormonales y reproductivos --
-- Regina M. Markus, Cristiane Lopes / La glándula pineal y la melotonina --
-- Paola C. Yannielli / Cronobiología de la ansiedad y de la depresión mayor --
-- Verónica S. Valentinuzzi / Ritmos en procesos de aprendizaje y memoria --
-- Ennio Vivaldi / El ciclio sueño-vigilia como un ritmo biológico --
-- Nelia T. Vermouth / Aspectos cronobiológicos del envejecimiento --
-- Juan J. Chiesa, Diego A. Golombek / Desincronización transmeridiana por viajes aéreos (el síndrome del jet-lag) --
-- Miriam M. M. Andrade, Fernando Louzada / Ritmos biológicos en ambientes escolares --
-- Claudia R. C. Moreno, Frida M. Fischer, Lucia Rotenberg / Tolerancia al trabajo en turnos y nocturno: una cuestión multidimensional --
-- Patricia V. Agostino, Diego A. Golombek / Cronofarmacología y cronotoxicología
650 10 - SUBJECT ADDED ENTRY--TOPICAL TERM
9 (RLIN) 31
Topical term or geographic name entry element Fisiología humana
650 10 - SUBJECT ADDED ENTRY--TOPICAL TERM
9 (RLIN) 2834
Topical term or geographic name entry element Disciplina de cronobiología
700 1# - ADDED ENTRY--PERSONAL NAME
9 (RLIN) 2833
Personal name Golombek, Diego A.
Relator term comp.
830 ## - SERIES ADDED ENTRY--UNIFORM TITLE
9 (RLIN) 2832
Uniform title Biomedicina (Universidad Nacional de Quilmes)
942 ## - ADDED ENTRY ELEMENTS (KOHA)
Source of classification or shelving scheme
Koha item type Libros
Edition 22
Existencias
Withdrawn status Lost status Source of classification or shelving scheme Damaged status Not for loan Permanent Location Current Location Date acquired Inventory number Full call number Barcode Date last seen Price effective from Koha item type
          Biblioteca ISALUD. Dr. Néstor Rodríguez Campoamor Biblioteca ISALUD. Dr. Néstor Rodríguez Campoamor 2023-04-12 1896 612.022 G582 1896 2023-04-12 2023-04-12 Libros